An introduction to Riemann-Finsler geometry

Αποθηκεύτηκε σε:
Λεπτομέρειες βιβλιογραφικής εγγραφής
Κύριος συγγραφέας: Bao, David Dai-Wai
Άλλοι συγγραφείς: Chern, Shiing-Shen 1911-, Shen, Zhongmin 1963-
Μορφή: Βιβλίο
Γλώσσα:English
Δημοσίευση: New York : Springer, c2000
Σειρά:Graduate texts in mathematics ; ; 200
Θέματα:
Ετικέτες: Προσθήκη ετικέτας
Δεν υπάρχουν, Καταχωρήστε ετικέτα πρώτοι!

MARC

LEADER 00000nam a2200000 i 4500
001 1/29885
008 021209s2000 eng d
020 |a 0-387-98948-X 
035 |l 10068882 
040 |a GR-MY-UA  |b gre  |e aacr 
041 0 |a eng 
082 0 |a 516.373 
100 1 |a Bao, David Dai-Wai. 
245 1 3 |a An introduction to Riemann-Finsler geometry /  |c D. Bao, S.-S. Chern, Z. Shen 
260 |a New York :   |b Springer,   |c c2000 
300 |a xx, 431 p.;  |b ill.;  |c 25 cm. 
490 1 |a Graduate texts in mathematics  |v ; 200 
504 |a Includes bibliographical references and index 
650 0 0 |a Geometry, Riemannian. 
650 0 0 |a Finsler spaces. 
700 1 |a Chern, Shiing-Shen  |d 1911- 
700 1 |a Shen, Zhongmin  |d 1963- 
830 0 |a Graduate texts in mathematics ;  |v ; 200 
852 |a INST  |b SAMOS  |e 20021209  |h 516.373 BAO  |p 005300024274  |q 005300024274  |t BK  |y 0 
901 |a BIBL3-2003-1 
909 |a Σ  |b 103146 
922 |a 3ΕΛΗ  |b 200210  |c ΕΠΕΑΕΚ2/ΤΜΗΜΑ ΜΑΘΗΜΑΤΙΚΩΝ  |d ΠΑΠΑΣΩΤΗΡΙΟΥ & ΕΛΕΥΘΕΡΟΥΔΑΚΗΣ 
950 |a 116-2002-10-02 
970 |a ΚΟΣΙΕΡΗΣ  |b ΧΡΗΣΤΟΣ  |z 2003/01/09